000 00447nam a22001577a 4500
005 20241101083134.0
008 241101b |||||||| |||| 00| 0 eng d
041 _aEnglish
082 _a349 LAW
100 _lEnglish
245 _aThe Law Reports: Appeal Cases
260 _aLondon:
_bWilliam Clowes and Sons,
_c1890
300 _bxxii, 568 pages;
_c26 cm.
650 _aLegal practice
_bLaw
942 _cBK
_6ALISON_BN_VRIES
999 _c3233
_d3233